Полиэтиленовые распределительные газопроводы; Трубопроводы и экология; № 1

Bibliografiska uppgifter
Parent link:Трубопроводы и экология: научно-практический журнал.— , 2002-2012
№ 1.— 2002.— С. 26-28
Huvudupphovsman: Бухин В. Е.
Övriga upphovsmän: Каргин В. Ю.
Språk:ryska
Publicerad: 2002
Serie:Страничка истории
Ämnen:
Materialtyp: MixedMaterials Bokavsnitt
KOHA link:https://koha.lib.tpu.ru/cgi-bin/koha/opac-detail.pl?biblionumber=383134

MARC

LEADER 00000naa2a2200000 4500
001 383134
005 20231101063055.0
035 |a (RuTPU)RU\TPU\prd\8317 
090 |a 383134 
100 |a 20021112a2002 k y0rusy50 ca 
101 0 |a rus 
102 |a RU 
200 1 |a Полиэтиленовые распределительные газопроводы  |f В. Е. Бухин, В. Ю. Каргин 
225 1 |a Страничка истории 
461 1 |0 (RuTPU)RU\TPU\prd\4239  |t Трубопроводы и экология  |o научно-практический журнал  |d 2002-2012 
463 1 |0 (RuTPU)RU\TPU\prd\4240  |t № 1  |v С. 26-28  |d 2002 
610 1 |a газопроводы 
610 1 |a распределённые газопроводы 
700 1 |a Бухин  |b В. Е. 
701 1 |a Каргин  |b В. Ю. 
801 1 |a RU  |b 63413507  |c 20021112  |g PSBO 
801 2 |a RU  |b 63413507  |c 20140703  |g RCR 
942 |c BK